Developing story ideas

Αποθηκεύτηκε σε:
Λεπτομέρειες βιβλιογραφικής εγγραφής
Κύριος συγγραφέας: Rabiger, Michael
Μορφή: Βιβλίο
Γλώσσα:English
Δημοσίευση: Amsterdam : Elsevier/Focal Press, 2006
Έκδοση:2nd ed.
Θέματα:
Ετικέτες: Προσθήκη ετικέτας
Δεν υπάρχουν, Καταχωρήστε ετικέτα πρώτοι!

MARC

LEADER 00000nam a2200000 i 4500
001 1/101941
008 090227s2006 eng d
020 |a 978-0-240-80736-2 
020 |a 0-240-80736-7 
035 |l 10103466 
040 |a GR-MY-UA  |b gre  |e aacr 
041 0 |a eng 
082 0 |a 808.23  |2 (22) 
100 1 |a Rabiger, Michael. 
245 1 0 |a Developing story ideas /  |c Michael Rabiger 
250 |a 2nd ed. 
260 |a Amsterdam :   |b Elsevier/Focal Press,   |c 2006 
300 |a xi, 241 σ.;  |b εικ.;  |c 23 εκ. 
504 |a Περιέχει βιβλιογραφικές παραπομπές και ευρετήριο 
650 0 0 |a Motion picture authorship. 
650 0 0 |a Playwriting. 
650 0 0 |a Plots (Drama, novel, etc.) 
852 |a INST  |b LESVOS  |e 20090227  |h 808.23 RAB  |p 005100044006  |q 005100044006  |t BK  |y 0 
901 |a BIBL1-2009-1 
909 |a Λ  |b 154028 
922 |a 1ΕΛΗ  |b 200809  |c ΕΠΕΑΕΚ2/ΠΤΕ  |d ΜΙΧΑΛΟΠΟΥΛΟΣ 
970 |a ΚΑΡΑ  |b ΓΙΑΣΕΜΗ  |z 2009/02/27